|
|
|
|
| LEADER |
00000cam a2200000 a 4500 |
| 001 |
vtls009530027 |
| 003 |
SK-MaSNL |
| 005 |
20260301171334.0 |
| 008 |
240315s2009 xo ol d p 000 0 slo |
| 015 |
|
|
|a SNBA2009/07-03562
|
| 020 |
|
|
|a 9788055301419
|q (brož.)
|
| 035 |
|
|
|a D4108B86-C667-4D4E-BA39-6357B0248478
|
| 035 |
|
|
|a urn:nbn:sk:snk-amk27m
|
| 035 |
|
|
|a urn:nbn:sk:snk-am0086qb
|
| 040 |
|
|
|a SNK
|b slo
|c SNK
|e AACR2
|
| 041 |
0 |
|
|a slo
|
| 044 |
|
|
|a xo
|c SK
|
| 072 |
|
7 |
|a 621
|x Strojárstvo
|2 konspekt
|
| 080 |
|
|
|a 621.74
|2 2001
|
| 080 |
|
|
|a 621.742.57
|2 2001
|
| 080 |
|
|
|a 621.74.06
|2 2001
|
| 080 |
|
|
|a (075.8)
|2 2001
|
| 080 |
|
|
|a (076.5)
|2 2001
|
| 100 |
1 |
|
|a Vasková, Iveta
|4 aut
|9 326902
|
| 245 |
1 |
0 |
|a Návody na cvičenia z predmetu "Formovacie zmesi"
|c Iveta Vasková
|
| 250 |
|
|
|a 1. vyd.
|
| 260 |
|
|
|a Košice
|b Technická univerzita
|c 2009
|
| 300 |
|
|
|a 92 s.
|b fotogr., sch., tab.
|c 24 cm
|
| 366 |
|
|
|e 30 výt.
|
| 500 |
|
|
|a Zoz. obr., symbolov, skrat.
|
| 504 |
|
|
|a Bibliogr. s. 86-87
|
| 650 |
0 |
7 |
|a zlievarenstvo
|2 SNKPH
|9 67317
|
| 650 |
0 |
7 |
|a zlievarenské formovacie zmesi
|2 SNKPH
|9 538876
|
| 650 |
0 |
7 |
|a zlievarenské zariadenia
|2 SNKPH
|9 469074
|
| 650 |
0 |
7 |
|a Founding
|2 SNKPHeng
|9 300887
|
| 650 |
0 |
7 |
|a Foundry moulding mixes
|2 SNKPHeng
|9 538877
|
| 650 |
0 |
7 |
|a Foundry equipment
|2 SNKPHeng
|9 538878
|
| 655 |
|
7 |
|a učebnice vysokých škôl
|2 SNKPH
|9 70191
|
| 655 |
|
7 |
|a praktické cvičenia
|2 SNKPH
|9 70517
|
| 655 |
|
7 |
|a Textbooks (higher)
|2 SNKPHeng
|9 276436
|
| 655 |
|
7 |
|a Problems, exercises, etc.
|2 SNKPHeng
|9 278342
|
| 919 |
|
|
|a 978-80-553-0141-9
|
| 958 |
|
|
|a NB
|
| 958 |
|
|
|a OND
|
| 968 |
|
|
|d 62
|
| 999 |
|
|
|c 830521
|d 832451
|
| 952 |
|
|
|a SNK
|b SNK
|y VYP
|7 0
|p 17A0623989
|o snkSC 136262 D1
|i snk2009/11701
|8 0
|0 0
|1 0
|4 0
|d 2009-06-25
|f 1
|l 0
|r 2026-02-24 03:36:21
|w 2026-02-24
|
| 952 |
|
|
|a SNK
|b SNK
|y PREZ
|7 0
|p 17A0623990
|o snkSC 136262
|i snk2009/11700
|8 0
|0 0
|1 0
|4 0
|d 2009-06-25
|l 0
|r 2025-07-02 00:00:00
|w 2026-02-24
|